Central Library OPAC University of Rajshahi

Our language problem / (Record no. 44924)

MARC details
000 -LEADER
fixed length control field 00626nam a2200217 a 4500
001 - CONTROL NUMBER
control field 44924
003 - CONTROL NUMBER IDENTIFIER
rucl marc code BD-RjUL
005 - DATE AND TIME OF LATEST TRANSACTION
control field 20211209053934.0
008 - FIXED-LENGTH DATA ELEMENTS--GENERAL INFORMATION
fixed length control field 160721s1942 ii a 000 0 eng d
035 ## - SYSTEM CONTROL NUMBER
System control number (BD-RjUL)45042
040 ## - CATALOGING SOURCE
Original cataloging agency NSA
Transcribing agency NSA
Modifying agency BD-RjUL
Language of cataloging eng
041 ## - LANGUAGE CODE
Language code of text/sound track or separate title eng
082 ## - DEWEY DECIMAL CLASSIFICATION NUMBER
Edition number 23
Classification number 491.43
Author mark and year GAO 1942
100 1# - MAIN ENTRY--PERSONAL NAME
Personal name Gandhi, Mahatma
Dates associated with a name 1869-1948.
9 (RLIN) 128140
245 10 - TITLE STATEMENT
Title Our language problem /
Statement of responsibility, etc. Mahatma Gandhi
260 ## - PUBLICATION, DISTRIBUTION, ETC. (IMPRINT)
Place of publication, distribution, etc. Bombay :
Name of publisher, distributor, etc. Jawahir,
Date of publication, distribution, etc. 1942,
300 ## - PHYSICAL DESCRIPTION
Pagination [6], 100 p.
Illustrations ill ;
Size 20 cm.
650 #0 - SUBJECT ADDED ENTRY--TOPICAL TERM
Topical term or geographic name as entry element Language and languages
General subdivision Political aspects.
9 (RLIN) 137681
651 #0 - SUBJECT ADDED ENTRY--GEOGRAPHIC NAME
Geographic name India
General subdivision Languages
9 (RLIN) 137682
942 ## - ADDED ENTRY ELEMENTS (KOHA)
Source of classification or shelving scheme Dewey Decimal Classification
Koha item type Books
Holdings
Lost status Source of classification or shelving scheme Damaged status Not for loan Collection code Permanent Location Current Location Shelving location Date acquired Source of acquisition Cost, normal purchase price Total Checkouts Full call number Date last seen Copy number Koha item type
  Dewey Decimal Classification     Non-fiction Central Library, University of Rajshahi Central Library, University of Rajshahi   17/10/1963 Pakistan Law house 4.00   491.43 GAO 1942 21/07/2016 C-2 Books